Country commerce : Hungary 2009.
| Format: | Book |
|---|---|
| Published: |
New York:
The Economist Intelligence Unit,
2009.
|
| Subjects: |
| LEADER | 00399cam a2200133 7i4500 | ||
|---|---|---|---|
| 001 | 0000023988 | ||
| 005 | 20091217090000.0 | ||
| 090 | 0 | 0 | |a HUNG 380.1 |b COU |
| 245 | 0 | 0 | |a Country commerce : |b Hungary 2009. |
| 260 | 0 | 0 | |a New York: |b The Economist Intelligence Unit, |c 2009. |
| 300 | # | # | |a 118 p. |
| 650 | 0 | 0 | |a Country commerce -- |z Hungary |
| 651 | 0 | 0 | |a Hungary |
| 999 | |a B000025840 |b Book |c Countries |e Business Information Centre | ||